[Event "Just for fun"]
[Site "SchemingMind.com"]
[Date "2010.08.14"]
[Round "-"]
[White "jankep"]
[Black "zogger"]
[Result "0-1"]
[WhiteCountry "POL"]
[BlackCountry "GER"]
[WhiteElo "1982"]
[WhiteRD "69"]
[BlackElo "2075"]
[BlackRD "65"]
[GameID "257621"]

1. d4 e6 2. e4 d5 3. e5 c5 4. c3 Nc6 5. Nf3 Qb6 6. a3 Nh6 7. Bxh6 Qxb2 8. Bxg7 Bxg7 9. Nbd2 cxd4 10. cxd4 Bh6
11. Qc1 Bxd2+ 12. Nxd2 Qxd4 13. Nf3 Qe4+ 14. Qe3 Qxe3+ 15. fxe3 Bd7 16. Kf2 Rc8 17. Bd3 Na5 18. Rhc1 Nb3 19. Rxc8+ Bxc8 20. Rb1 Nc5
21. Bb5+ Bd7
0-1

[Event "Just for fun"]
[Site "SchemingMind.com"]
[Date "2010.08.15"]
[Round "-"]
[White "keen"]
[Black "jankep"]
[Result "1/2-1/2"]
[WhiteCountry "SCO"]
[BlackCountry "POL"]
[WhiteElo "1652"]
[WhiteRD "59"]
[BlackElo "1982"]
[BlackRD "69"]
[GameID "257622"]

1. e4 e6 2. d4 d5 3. Nc3 Nf6 4. Bg5 dxe4 5. Nxe4 Be7 6. Nxf6+ gxf6 7. Be3 c6 8. Nf3 Qc7 9. Qd2 b6 10. Bd3 Ba6
11. O-O-O Bxd3 12. Qxd3 Nd7 13. Qe4 O-O-O 14. Bf4 Bd6 15. Bxd6 Qxd6 16. Qd3 Kb7 17. Kb1 f5 18. Ng5 Qe7 19. Nf3 Nc5 20. Qa3 Qd6
21. Ne5 Ne4 22. Qe3 Rhf8 23. f3 Nc5 24. Qh6 Nd7 25. Nxd7 Rxd7 26. Rhe1 Rg8 27. g3 Qf8 28. Qf4 Rg6 29. a3= Qh6 30. Qxh6 Rxh6
31. Re2 Rg6 32. c3 h5 33. Rde1=
1/2-1/2

[Event "Just for fun"]
[Site "SchemingMind.com"]
[Date "2010.08.15"]
[Round "-"]
[White "APB"]
[Black "jankep"]
[Result "0-1"]
[WhiteCountry "ENG"]
[BlackCountry "POL"]
[WhiteElo "1595"]
[WhiteRD "60"]
[BlackElo "2002"]
[BlackRD "88"]
[GameID "257623"]

1. e4 e6 2. d4 d5 3. e5 b6 4. Nf3 c5 5. c3 Bd7 6. c4 cxd4 7. cxd5 exd5 8. Nxd4 Bb4+ 9. Bd2 Bc5 10. Bc3 Qh4
11. Nd2 Bxd4 12. g3 Bxf2+ 13. Kxf2 Qe7 14. e6 fxe6 15. Qg4 Nf6 16. Bxf6 Qxf6+ 17. Kg2 O-O 18. Nf3 e5
0-1

[Event "Just for fun"]
[Site "SchemingMind.com"]
[Date "2010.08.15"]
[Round "-"]
[White "calidore"]
[Black "jankep"]
[Result "0-1"]
[WhiteCountry "ISR"]
[BlackCountry "POL"]
[WhiteElo "1406"]
[WhiteRD "72"]
[BlackElo "1959"]
[BlackRD "75"]
[GameID "257624"]

1. e4 e6 2. d4 d5 3. e5 b6 4. Nf3 c5 5. c3 Ba6 6. Bxa6 Nxa6 7. Qa4+ Qd7 8. Qxa6 Ne7 9. O-O Nc6 10. Be3 cxd4
11. cxd4 h5 12. Nc3 h4 13. h3 Be7 14. Rac1 O-O 15. Qd3 Rac8 16. Bg5 Bxg5 17. Nxg5 g6 18. Nb5 a5 19. Nd6 Nb4 20. Qf3 Rxc1
21. Rxc1 Nxa2
0-1

[Event "Just for fun"]
[Site "SchemingMind.com"]
[Date "2010.08.14"]
[Round "-"]
[White "nammy"]
[Black "jankep"]
[Result "0-1"]
[WhiteCountry "ENG"]
[BlackCountry "POL"]
[WhiteElo "842"]
[WhiteRD "56"]
[BlackElo "2002"]
[BlackRD "88"]
[GameID "257625"]

1. e4 e6 2. d4 d5 3. f3 dxe4 4. fxe4 Qh4+ 5. g3 Qxe4+ 6. Be2 Qxh1 7. Kd2 Qxh2 8. Nf3 Qxg3 9. b3 Nf6 10. a3 Ne4+
11. Kd3 Nf2+ 12. Ke3 Nxd1+ 13. Bxd1 c5 14. c3 Nc6 15. Bd2 cxd4+ 16. cxd4 g6 17. Nc3 Bg7 18. Kd3 Nxd4 19. Kc4 Nxf3 20. Bc1 Ne5+
21. Kb4 Nc6+ 22. Kc4 Qxc3+ 23. Kb5 a6+ 24. Ka4 Qa5#
0-1

[Event "Just for fun"]
[Site "SchemingMind.com"]
[Date "2010.08.19"]
[Round "-"]
[White "emvarela"]
[Black "jankep"]
[Result "1/2-1/2"]
[WhiteCountry "ARG"]
[BlackCountry "POL"]
[WhiteElo "1774"]
[WhiteRD "54"]
[BlackElo "1957"]
[BlackRD "79"]
[GameID "257626"]

1. e4 e6 2. d4 d5 3. Nc3 Nf6 4. Bg5 dxe4 5. Nxe4 Be7 6. Bxf6 gxf6 7. Nf3 c6 8. Bd3 Qc7 9. c3 b6 10. Qc2 Ba6
11. Bxa6 Nxa6 12. O-O-O O-O-O 13. Ng3 Kb7 14. Rhe1 h5 15. h4 f5 16. Qe2 Bf6 17. Ne5 Bxe5 18. dxe5 Rd5 19. Nxh5 Nc5 20. Nf6 Rxd1+
21. Rxd1 Rxh4 22. b4 Re4 23. Nxe4 Nxe4 24. Kc2 Qxe5 25. Rd7+ Kc8 26. Rd4 Qc7 27. g3 c5 28. Qa6+ Kb8 29. bxc5 Nxc5 30. Qb5 Qc8
31. a4 Ne4 32. Qe5+=
1/2-1/2

[Event "Just for fun"]
[Site "SchemingMind.com"]
[Date "2010.08.15"]
[Round "-"]
[White "zogger"]
[Black "jankep"]
[Result "1-0"]
[WhiteCountry "GER"]
[BlackCountry "POL"]
[WhiteElo "2075"]
[WhiteRD "65"]
[BlackElo "1982"]
[BlackRD "69"]
[GameID "257627"]

1. f4 d5 2. Nf3 Nf6 3. e3 c5 4. Be2 Nc6 5. O-O e6 6. d3 Be7 7. Nbd2 O-O 8. h3 h6 9. e4 dxe4 10. dxe4 b6
11. c3 Bb7 12. e5 Nd5 13. Ne4 Qc7 14. g4 Rad8 15. Qa4 a6 16. Qc2 Rd7 17. g5 h5 18. Nh4 g6 19. Nf6+ Bxf6 20. exf6 Kh8
21. Bd2 b5 22. Rae1
1-0

[Event "Just for fun"]
[Site "SchemingMind.com"]
[Date "2010.08.14"]
[Round "-"]
[White "juditfan"]
[Black "keen"]
[Result "0-1"]
[WhiteCountry "ITA"]
[BlackCountry "SCO"]
[WhiteElo "1639"]
[WhiteRD "78"]
[BlackElo "1667"]
[BlackRD "57"]
[GameID "257628"]

1. e4 e6 2. d4 d5 3. Nc3 c5 4. exd5 exd5 5. Bb5+ Nc6 6. dxc5 Nf6 7. Nf3 Bxc5 8. O-O O-O 9. Bg5 h6 10. Bxf6 Qxf6
11. Qxd5 Bb6 12. Bxc6 Qxc6 13. Qxc6 bxc6 14. Rad1 Be6 15. Ne5 Rac8 16. Nd7 Bxd7 17. Rxd7 Rfe8 18. Rfd1 Kf8 19. Kf1 Ba5 20. Rxa7 Bb6
21. Rb7 Bc7 22. Rd7 Re7 23. Rxe7 Kxe7 24. g3 Kd8 25. Ke2 f5 26. Kd3 g5 27. Kc4 Kd7 28. Kc5 Re8 29. Rb4 Bd6+ 30. Kc4 Bxb4
0-1

[Event "Just for fun"]
[Site "SchemingMind.com"]
[Date "2010.08.15"]
[Round "-"]
[White "juditfan"]
[Black "APB"]
[Result "1/2-1/2"]
[WhiteCountry "ITA"]
[BlackCountry "ENG"]
[WhiteElo "1634"]
[WhiteRD "77"]
[BlackElo "1615"]
[BlackRD "65"]
[GameID "257629"]

1. g3 d5 2. Bg2 Nf6 3. d4 Bf5 4. Nf3 Nc6 5. c3 Qd7 6. O-O O-O-O 7. Nbd2 Bh3 8. Ng5 Be6 9. Nxe6 Qxe6 10. e4 dxe4
11. Re1 Qd5 12. Nxe4 Nxe4 13. Bxe4 Qd7 14. Qf3 f6 15. Bxc6 bxc6 16. Be3 e6 17. Rad1 Qd5 18. Qg4 f5 19. Qe2 Kd7 20. Bg5 Be7
21. Bxe7 Kxe7 22. Qe3 h6 23. Qe5 Qxe5 24. dxe5 g5 25. Kf1 Rd5 26. c4 Ra5 27. a3 Ra4 28. Rc1 Rd8 29. Re2 Rd4 30. Rec2 Re4
31. Re2 Rexc4 32. Rec2 Rxc2 33. Rxc2 Ra6 34. Ke2 Ra5 35. f4 Rb5 36. Rxc6 Rxb2+ 37. Kd3 Kd7 38. Ra6 Rxh2 39. Rxa7 Rh3 40. fxg5 Rxg3+
41. Ke2 Rxg5 42. a4 f4 43. Kf3 Rxe5 44. Kxf4 Rg5 45. a5 Rg8 46. a6 h5 47. Rb7 h4 48. a7 h3 49. Rb8 h2 50. a8=Q Rxb8
51. Qh1 Rb2 52. Ke5 Rd2 53. Qb1 Rd5+ 54. Ke4 Rg5 55. Qh1 Rg4+ 56. Kf3 Rh4 57. Kg3 Rh8 58. Kf4 Kd6 59. Qd1+ Ke7 60. Qh1 c5
61. Ke5 Rh5+ 62. Kf4 e5+ 63. Kg4 Rh8 64. Kf5 c4 65. Kxe5 c3 66. Qb7+ Kf8 67. Qc8+ Kg7 68. Qg4+=
1/2-1/2

[Event "Just for fun"]
[Site "SchemingMind.com"]
[Date "2010.08.15"]
[Round "-"]
[White "juditfan"]
[Black "calidore"]
[Result "1/2-1/2"]
[WhiteCountry "ITA"]
[BlackCountry "ISR"]
[WhiteElo "1639"]
[WhiteRD "78"]
[BlackElo "1598"]
[BlackRD "73"]
[GameID "257630"]

1. c4 Nf6 2. Nc3 e6 3. g3 d5 4. Bg2 dxc4 5. Qa4+ Nc6 6. Bxc6+ bxc6 7. Qxc6+ Bd7 8. Qxc4 Bd6 9. Nf3 O-O 10. O-O Rb8
11. b3 Rb4 12. Qd3 Bc6 13. Ba3 Rb8 14. Bxd6 Qxd6 15. Qa6 Bxf3 16. Qxd6 cxd6 17. exf3 Rfc8 18. Rac1 a6 19. Ne4 d5 20. Nxf6+ gxf6
21. Rc3 Rxc3 22. dxc3 Rc8 23. Rc1 Kg7=
1/2-1/2

[Event "Just for fun"]
[Site "SchemingMind.com"]
[Date "2010.08.14"]
[Round "-"]
[White "juditfan"]
[Black "nammy"]
[Result "1-0"]
[WhiteCountry "ITA"]
[BlackCountry "ENG"]
[WhiteElo "1639"]
[WhiteRD "78"]
[BlackElo "842"]
[BlackRD "56"]
[GameID "257632"]

1. d4 d6 2. e4 e6 3. Nf3 g6 4. Bd3 Nc6 5. c3 Nf6 6. Bg5 h6 7. Bh4 Rg8 8. Nbd2 Bd7 9. O-O g5 10. Bg3 b6
11. e5 a6 12. exf6 Qxf6 13. Re1 Bg7 14. h4 Rh8 15. hxg5 hxg5 16. Ne4 Qe7 17. Nexg5 f6 18. Nxe6 Bxe6 19. d5 Nd8 20. Nd4 Qf7
21. Nxe6 Qd7 22. Nc5+ Kf8 23. Nxd7+ Kf7 24. Qg4 c6 25. Bg6+ Kg8 26. Re8+ Bf8 27. Bh5+ Kh7 28. Qg6#
1-0

[Event "Just for fun"]
[Site "SchemingMind.com"]
[Date "2010.08.16"]
[Round "-"]
[White "juditfan"]
[Black "emvarela"]
[Result "0-1"]
[WhiteCountry "ITA"]
[BlackCountry "ARG"]
[WhiteElo "1637"]
[WhiteRD "75"]
[BlackElo "1735"]
[BlackRD "53"]
[GameID "257633"]

1. e4 e5 2. f4 Nc6 3. Nf3 d6 4. d3 Bg4 5. Be2 Bxf3 6. Bxf3 exf4 7. Bxf4 Nf6 8. O-O Ne5 9. Nc3 Nxf3+ 10. Qxf3 Be7
11. e5 dxe5 12. Bxe5 O-O 13. Ne4 Nxe4 14. Qxe4 c6 15. Rf3 f6 16. Bc3 Qb6+ 17. Kf1 Rae8 18. Re1 a5 19. Qe6+ Rf7 20. Qd7 Qg1+
21. Kxg1 Bc5+
0-1

[Event "Just for fun"]
[Site "SchemingMind.com"]
[Date "2010.08.14"]
[Round "-"]
[White "juditfan"]
[Black "zogger"]
[Result "0-1"]
[WhiteCountry "ITA"]
[BlackCountry "GER"]
[WhiteElo "1639"]
[WhiteRD "78"]
[BlackElo "2087"]
[BlackRD "66"]
[GameID "257634"]

1. b3 f5 2. Bb2 Nf6 3. Nf3 e6 4. d3 Be7 5. g3 O-O 6. Bg2 d6 7. O-O Qe8 8. Nbd2 Nc6 9. e4 fxe4 10. dxe4 e5
11. c4 Qh5 12. Rc1 Bg4 13. Qc2 Nd7 14. h4 Rxf3 15. Bxf3 Bxf3 16. Nxf3 Qxf3 17. Qc3 Qxe4 18. Rce1 Qg6 19. Re3 Bxh4 20. Kh2 Bg5
21. f4 Rf8 22. Ref3 exf4 23. gxf4 Bf6 24. Qd2 Bxb2 25. Qxb2 Nf6 26. Rg1 Ng4+ 27. Kg2 Nce5 28. fxe5 Qe4 29. Rf1 Ne3+ 30. Kg3 Nxf1+
0-1

[Event "Just for fun"]
[Site "SchemingMind.com"]
[Date "2010.08.15"]
[Round "-"]
[White "keen"]
[Black "juditfan"]
[Result "1-0"]
[WhiteCountry "SCO"]
[BlackCountry "ITA"]
[WhiteElo "1667"]
[WhiteRD "57"]
[BlackElo "1639"]
[BlackRD "78"]
[GameID "257635"]

1. e4 e5 2. Nf3 Nc6 3. d4 exd4 4. Bc4 Bb4+ 5. c3 dxc3 6. O-O Qf6 7. e5 Nxe5 8. Nxe5 c2 9. Qxc2 Qxe5 10. Qb3 Be7
11. Bd2 Qf6 12. Bc3 Qg6 13. Re1 d6 14. Re3 Bf5 15. Nd2 Nf6 16. Rae1 Ng8 17. Rg3
1-0

[Event "Just for fun"]
[Site "SchemingMind.com"]
[Date "2010.08.15"]
[Round "-"]
[White "APB"]
[Black "juditfan"]
[Result "0-1"]
[WhiteCountry "ENG"]
[BlackCountry "ITA"]
[WhiteElo "1594"]
[WhiteRD "64"]
[BlackElo "1637"]
[BlackRD "75"]
[GameID "257636"]

1. e4 e6 2. d4 d5 3. Nc3 Bb4 4. e5 Bxc3+ 5. bxc3 c5 6. a3 Nc6 7. Qg4 g6 8. Bb5 Qa5 9. Bxc6+ bxc6 10. Bd2 Qa4
11. Ra2 Ba6 12. Ne2 Ne7 13. Nf4 cxd4 14. Nh3 Qc4 15. Rb2 dxc3 16. Qxc4 Bxc4 17. Bxc3 O-O 18. Bb4 Rfe8 19. Nf4 Nf5 20. g3 Reb8
21. Bc3 Rxb2 22. Bxb2 Rb8 23. Bc1 Rb1 24. Kd2 Nd4 25. Ng2 Nf3+
0-1

[Event "Just for fun"]
[Site "SchemingMind.com"]
[Date "2010.08.15"]
[Round "-"]
[White "calidore"]
[Black "juditfan"]
[Result "0-1"]
[WhiteCountry "ISR"]
[BlackCountry "ITA"]
[WhiteElo "1423"]
[WhiteRD "66"]
[BlackElo "1637"]
[BlackRD "75"]
[GameID "257637"]

1. e4 c5 2. c3 d5 3. exd5 Qxd5 4. d4 Nc6 5. Nf3 Bg4 6. Be2 Nf6 7. O-O e6 8. Be3 cxd4 9. cxd4 Be7 10. Nc3 Qd8
11. h3 Bh5 12. Qb3 Rb8 13. Rac1 O-O 14. Rfd1 Nd5 15. Nxd5 exd5 16. Bf4 Bd6 17. Bxd6 Qxd6 18. a3 Rfe8 19. Qd3 Nd8 20. Re1 Ne6
21. Ne5 Nf4 22. Qf5 Nxe2+ 23. Rxe2 Bxe2 24. Qxf7+ Kh8 25. Qxe8+ Rxe8 26. Nf7+ Kg8 27. Nxd6 Rd8 28. Nxb7 Rb8 29. Rc2 Ba6 30. Nc5 Kf7
31. Nxa6 Rb6
0-1

[Event "Just for fun"]
[Site "SchemingMind.com"]
[Date "2010.08.15"]
[Round "-"]
[White "jankep"]
[Black "juditfan"]
[Result "1-0"]
[WhiteCountry "POL"]
[BlackCountry "ITA"]
[WhiteElo "1982"]
[WhiteRD "69"]
[BlackElo "1637"]
[BlackRD "75"]
[GameID "257638"]

1. d4 d5 2. c4 dxc4 3. e4 c5 4. d5 e6 5. Nc3 Nf6 6. Nf3 exd5 7. e5 Ne4 8. Nxd5 Be6 9. Bxc4 Bxd5 10. Bxd5 Qa5+
11. Bd2 Nxd2 12. Qxd2 Qxd2+ 13. Nxd2 Nc6 14. Bxc6+ bxc6 15. O-O-O O-O-O 16. Nb3 Be7 17. f4 Rxd1+ 18. Rxd1 Rd8 19. Rxd8+ Kxd8 20. Kc2 Kd7
21. Kc3 Ke6 22. Kc4 f6 23. Nxc5+ Kf5 24. Nd3 fxe5 25. fxe5 Ke4 26. Nb4 Bxb4 27. Kxb4 Kxe5 28. Kc5
1-0

[Event "Just for fun"]
[Site "SchemingMind.com"]
[Date "2010.08.15"]
[Round "-"]
[White "nammy"]
[Black "juditfan"]
[Result "0-1"]
[WhiteCountry "ENG"]
[BlackCountry "ITA"]
[WhiteElo "842"]
[WhiteRD "56"]
[BlackElo "1639"]
[BlackRD "78"]
[GameID "257639"]

1. e4 Nf6 2. d3 d6 3. Nf3 Bg4 4. h3 Bxf3 5. gxf3 e5 6. c3 Be7 7. Be3 Nc6 8. Nd2 O-O 9. Nc4 d5 10. Bg2 dxc4
11. dxc4 Qxd1+ 12. Rxd1 Rad8 13. O-O Na5 14. Bxa7 Nxc4 15. b3 Nb2 16. Rb1 Ba3 17. Be3 Nd7 18. Rfe1 f6 19. Rbc1 Nd3 20. Rcd1 Nxe1
21. Rxe1 Bc5 22. h4 Bxe3 23. fxe3 Nc5 24. b4 Nd3 25. Rb1 c5 26. bxc5 Nxc5 27. Bh3 Rd3 28. Rc1 Rxe3 29. Bg2 Nd3 30. Rb1 Nf4
31. Bf1 Rxf3 32. Bc4+ Kh8 33. Rxb7 Rxc3 34. Bb5 Ra3 35. Bc4 Rd8 36. Kf1 Rc3 37. Bb5 Rc2 38. Ba4 Rd1#
0-1

[Event "Just for fun"]
[Site "SchemingMind.com"]
[Date "2010.08.16"]
[Round "-"]
[White "emvarela"]
[Black "juditfan"]
[Result "0-1"]
[WhiteCountry "ARG"]
[BlackCountry "ITA"]
[WhiteElo "1730"]
[WhiteRD "52"]
[BlackElo "1634"]
[BlackRD "77"]
[GameID "257640"]

1. e4 d5 2. exd5 Nf6 3. d4 Nxd5 4. c4 Nf6 5. Nc3 e6 6. Nf3 Be7 7. Be3 O-O 8. Bd3 b6 9. O-O Bb7 10. Qc2 Nc6
11. Rad1 Nb4 12. Qb3 Nxd3 13. Rxd3 c5 14. Rfd1 cxd4 15. Bxd4 Qc7 16. Bxf6 Bxf6 17. Rd7 Qc6 18. R1d6 Qc5 19. Qb5 Bxc3 20. bxc3 Bxf3
21. Qxc5 bxc5 22. Rc7 Be2 23. Rxc5 Rad8 24. Rd4 g6 25. f3 Rc8 26. Ra5 Rxc4 27. Rxc4 Bxc4 28. Rxa7 Bd5 29. Kf2 Ra8 30. Rxa8+ Bxa8
31. a4 Kf8 32. Ke3 Ke7 33. Kd4 Kd6 34. Kc4 Kc6 35. a5 Bb7 36. g3 Ba6+ 37. Kb4 Kd5 38. h4 f6 39. Kb3 e5 40. Kb4 f5
0-1

[Event "Just for fun"]
[Site "SchemingMind.com"]
[Date "2010.08.15"]
[Round "-"]
[White "zogger"]
[Black "juditfan"]
[Result "1-0"]
[WhiteCountry "GER"]
[BlackCountry "ITA"]
[WhiteElo "2087"]
[WhiteRD "66"]
[BlackElo "1639"]
[BlackRD "78"]
[GameID "257641"]

1. f4 d5 2. Nf3 Nc6 3. e3 Nf6 4. Be2 Bg4 5. O-O e6 6. d3 Bd6 7. h3 Bxf3 8. Bxf3 O-O 9. Nc3 Bc5 10. Kh1 d4
11. Na4 Bb6 12. exd4 Bxd4 13. c3 Bb6 14. d4 Ne7 15. Bxb7 Rb8 16. Bf3 Ned5 17. Nxb6 cxb6 18. Qe1 Qc7 19. Qe5 Rbc8 20. Qxc7 Rxc7
21. Bd2 Rb8 22. Rae1 b5 23. f5 exf5 24. Re5 Nb6 25. Rxf5 Nbd7 26. Bf4
1-0

[Event "Just for fun"]
[Site "SchemingMind.com"]
[Date "2010.08.15"]
[Round "-"]
[White "lucho-sc"]
[Black "APB"]
[Result "0-1"]
[WhiteCountry "URU"]
[BlackCountry "ENG"]
[WhiteElo "1086"]
[WhiteRD "110"]
[BlackElo "1595"]
[BlackRD "60"]
[GameID "257652"]

1. e4 c5 2. Nf3 d6 3. d4 cxd4 4. Nxd4 Nf6 5. h3 Nxe4 6. Bb5+ Bd7 7. O-O a6 8. Bc4 e6 9. Qe2 d5 10. Bb3 Nc6
11. Be3 Ne5 12. Bf4 Bd6
0-1

[Event "Just for fun"]
[Site "SchemingMind.com"]
[Date "2010.08.15"]
[Round "-"]
[White "lucho-sc"]
[Black "calidore"]
[Result "0-1"]
[WhiteCountry "URU"]
[BlackCountry "ISR"]
[WhiteElo "1079"]
[WhiteRD "112"]
[BlackElo "1423"]
[BlackRD "66"]
[GameID "257653"]

1. e4 Nf6 2. f3 e5 3. Nc3 d5 4. d3 dxe4 5. fxe4 Bb4 6. a3 Ba5 7. Nf3 Nc6 8. Bd2 O-O 9. Qe2 Bg4 10. h3 Nd4
11. Qe3 Nxc2+ 12. Kd1 Nxe3+ 13. Bxe3 Bxf3+ 14. gxf3 c6 15. Rg1 Bb6 16. Bxb6 Qxb6 17. Rg2 Qb3+ 18. Rc2 Rad8 19. Rc1 c5
0-1

[Event "Just for fun"]
[Site "SchemingMind.com"]
[Date "2010.08.14"]
[Round "-"]
[White "lucho-sc"]
[Black "nammy"]
[Result "0-1"]
[WhiteCountry "URU"]
[BlackCountry "ENG"]
[WhiteElo "1086"]
[WhiteRD "110"]
[BlackElo "842"]
[BlackRD "56"]
[GameID "257655"]

1. e4 e6 2. d4 Nc6 3. Nf3 Nf6 4. Nc3 d5 5. Bb5 Bd6 6. a3 O-O 7. e5 Be7 8. Bg5 h6 9. Bh4 Nh5 10. O-O g5
11. g3 Na5 12. b4 Nc6
0-1

[Event "Just for fun"]
[Site "SchemingMind.com"]
[Date "2010.08.15"]
[Round "-"]
[White "lucho-sc"]
[Black "zogger"]
[Result "0-1"]
[WhiteCountry "URU"]
[BlackCountry "GER"]
[WhiteElo "1086"]
[WhiteRD "110"]
[BlackElo "2087"]
[BlackRD "66"]
[GameID "257658"]

1. e4 d6 2. d3 Nf6 3. Nc3 g6 4. Nf3 Bg7 5. h3 O-O 6. Be3 Nbd7 7. Qd2 e5 8. O-O-O c5 9. Bg5 Qa5 10. Be2 b5
11. Nxb5 Qxb5 12. d4 Qa4
0-1

[Event "Just for fun"]
[Site "SchemingMind.com"]
[Date "2010.08.15"]
[Round "-"]
[White "APB"]
[Black "lucho-sc"]
[Result "1-0"]
[WhiteCountry "ENG"]
[BlackCountry "URU"]
[WhiteElo "1595"]
[WhiteRD "60"]
[BlackElo "1086"]
[BlackRD "110"]
[GameID "257660"]

1. e4 e5 2. Nf3 d6 3. d4 Nc6 4. Bb5 a6 5. Bxc6+ bxc6 6. dxe5 d5 7. Nc3 Bb4 8. Bd2 Bg4 9. a3 Ba5 10. h3 Ne7
11. hxg4 O-O 12. Qe2
1-0

[Event "Just for fun"]
[Site "SchemingMind.com"]
[Date "2010.08.15"]
[Round "-"]
[White "calidore"]
[Black "lucho-sc"]
[Result "1-0"]
[WhiteCountry "ISR"]
[BlackCountry "URU"]
[WhiteElo "1423"]
[WhiteRD "66"]
[BlackElo "1079"]
[BlackRD "112"]
[GameID "257661"]

1. e4 e5 2. Nf3 Nf6 3. Bc4 c6 4. Nxe5 b5 5. Bxf7+ Ke7 6. Bb3 Rg8 7. Bxg8 d6 8. Nxc6+ Nxc6 9. Bd5 Qb6 10. Bxc6 Qxc6
11. d3 Bg4 12. f3 Bh5 13. Bg5 Qc5 14. Bxf6+ gxf6 15. Nc3 Rc8 16. d4 Qg5 17. Qd3 a6 18. O-O Bg7 19. f4
1-0

[Event "Just for fun"]
[Site "SchemingMind.com"]
[Date "2010.08.14"]
[Round "-"]
[White "nammy"]
[Black "lucho-sc"]
[Result "1-0"]
[WhiteCountry "ENG"]
[BlackCountry "URU"]
[WhiteElo "842"]
[WhiteRD "56"]
[BlackElo "1086"]
[BlackRD "110"]
[GameID "257663"]

1. e4 e5 2. Nf3 Nf6 3. c3 Nxe4 4. d3 Nxf2 5. Kxf2 Qf6 6. Be3 Be7 7. Nd2 d6 8. Nb3 Nc6 9. Kg1 O-O 10. Be2 Bf5
11. h3 d5 12. c4
1-0

[Event "Just for fun"]
[Site "SchemingMind.com"]
[Date "2010.08.15"]
[Round "-"]
[White "zogger"]
[Black "lucho-sc"]
[Result "1-0"]
[WhiteCountry "GER"]
[BlackCountry "URU"]
[WhiteElo "2087"]
[WhiteRD "66"]
[BlackElo "1086"]
[BlackRD "110"]
[GameID "257666"]

1. f4 Nc6 2. Nf3 d6 3. e3 Bf5 4. Be2 Nb4 5. d3 f6 6. O-O Qd7 7. e4 Bg6 8. a3 Qa4 9. Nc3 Qxc2 10. axb4 Qxd1
11. Bxd1 O-O-O 12. Bb3
1-0

[Event "Just for fun"]
[Site "SchemingMind.com"]
[Date "2010.08.16"]
[Round "-"]
[White "crespov"]
[Black "keen"]
[Result "1-0"]
[WhiteCountry "CHI"]
[BlackCountry "SCO"]
[WhiteElo "1694"]
[WhiteRD "66"]
[BlackElo "1667"]
[BlackRD "57"]
[GameID "257806"]

1. e4 e6 2. d4 d5 3. Nd2 c5 4. Ngf3 Nc6 5. c3 Bd7 6. Be2 Qb6 7. exd5 exd5 8. O-O cxd4 9. cxd4 Nxd4 10. Re1 Nxe2+
11. Qxe2+ Be6 12. Ng5 Kd7 13. Nb3 Re8 14. Be3 Qb4 15. Rac1 h6 16. Nf3 Nf6 17. Ne5+ Kd8 18. Bd2 Qa4 19. Ba5+ b6 20. Nc6+ Kd7
21. Ne5+ Ke7 22. Nc6+ Kd7 23. Bd2 Ne4 24. Ne5+ Kd6 25. Bf4 Nc5 26. Bg3 Ke7 27. Qc2 Kd8 28. Nd3 Qc4 29. Ndxc5 Qxc2 30. Rxc2 bxc5
31. Nxc5 Bxc5 32. Rxc5 Re7 33. Rec1 Rhe8 34. h3 d4 35. Be5 d3 36. Bc3 f6 37. Rd1 Bxa2= 38. Rxd3+ Rd7 39. Rxd7+ Kxd7 40. Ra5 Bc4
41. Rxa7+
1-0

[Event "Just for fun"]
[Site "SchemingMind.com"]
[Date "2010.08.16"]
[Round "-"]
[White "crespov"]
[Black "APB"]
[Result "1-0"]
[WhiteCountry "CHI"]
[BlackCountry "ENG"]
[WhiteElo "1689"]
[WhiteRD "68"]
[BlackElo "1612"]
[BlackRD "57"]
[GameID "257807"]

1. d4 Nf6 2. Nf3 g6 3. g3 Bg7 4. Bg2 O-O 5. O-O d5 6. Nc3 c6 7. Re1 b6 8. Bf4 c5 9. e4 Bg4 10. h3 Be6
11. e5 Nh5 12. Be3 cxd4 13. Bxd4 Nc6 14. a3 f6 15. exf6 Nxf6 16. Rxe6 Nxd4 17. Nxd4 Nh5 18. Nf3 Bf6 19. Nh2 Qd7 20. Bxd5
1-0

[Event "Just for fun"]
[Site "SchemingMind.com"]
[Date "2010.08.17"]
[Round "-"]
[White "crespov"]
[Black "calidore"]
[Result "1/2-1/2"]
[WhiteCountry "CHI"]
[BlackCountry "ISR"]
[WhiteElo "1694"]
[WhiteRD "66"]
[BlackElo "1598"]
[BlackRD "73"]
[GameID "257808"]

1. e4 Nf6 2. Nc3 d5 3. exd5 Nxd5 4. Bc4 Nb6 5. Bb3 Nc6 6. Nf3 g6 7. O-O Bg7 8. d3 O-O 9. Re1 a5 10. a3 a4
11. Ba2 Bg4 12. h3 Bf5 13. Rb1 Nd4 14. Bg5 Ne6 15. Bh4 Nd7 16. Nd5 Nf6 17. Ne3 Nd4 18. Ne5 Be6 19. Bxe6 Nxe6 20. N3c4 b5
21. Nd2 Qd4 22. Bg3 Nh5 23. Nef3 Qb6 24. Bh2 Rfd8 25. Qe2 Nf6 26. Ne4 Nxe4 27. Qxe4 Rac8 28. b3 axb3 29. Rxb3 Nc5 30. Qxe7 Nxb3
31. cxb3 Rxd3 32. Ng5 Qf6 33. Qc5 Qc3 34. Qe7 Qf6=
1/2-1/2

[Event "Just for fun"]
[Site "SchemingMind.com"]
[Date "2010.08.21"]
[Round "-"]
[White "crespov"]
[Black "jankep"]
[Result "0-1"]
[WhiteCountry "CHI"]
[BlackCountry "POL"]
[WhiteElo "1673"]
[WhiteRD "70"]
[BlackElo "1982"]
[BlackRD "69"]
[GameID "257810"]

1. c4 c5 2. Nc3 g6 3. g3 Bg7 4. Bg2 Nf6 5. e4 d6 6. Nge2 O-O 7. O-O Nc6 8. d3 e5 9. Rb1 Nd4 10. Nxd4 cxd4
11. Ne2 b6 12. f4 Bb7 13. a3 a5 14. b4 axb4 15. axb4 Re8 16. h3 Qc7 17. Kh1 Ra2 18. Rb2 Rea8 19. Qb3 R2a3 20. Qc2 Nxe4
21. Bxe4 Bxe4+ 22. dxe4 d3 23. Qd2 dxe2 24. Qxe2 Rxg3 25. Kh2 Raa3 26. Rf2 Rxh3+ 27. Kg1 exf4 28. Rc2 Bd4 29. Bxa3 Bxf2+ 30. Qxf2 Rxa3
31. Qxf4 Rb3 32. Qd2 d5 33. exd5 Qg3+ 34. Qg2 Rb1+
0-1

[Event "Just for fun"]
[Site "SchemingMind.com"]
[Date "2010.08.17"]
[Round "-"]
[White "crespov"]
[Black "nammy"]
[Result "1-0"]
[WhiteCountry "CHI"]
[BlackCountry "ENG"]
[WhiteElo "1689"]
[WhiteRD "68"]
[BlackElo "837"]
[BlackRD "55"]
[GameID "257811"]

1. e4 e6 2. d4 d6 3. Nf3 Nc6 4. Bc4 Be7 5. O-O Nf6 6. Nc3 O-O 7. Re1 a6 8. a4 Bd7 9. Rb1 Na5 10. Bd3 Bc6
11. b4 b6 12. bxa5 bxa5 13. Qe2 Ng4 14. h3 Nf6 15. Bb2 d5 16. e5 Nd7 17. Nd1 Bb7 18. Bc3 Bc6 19. Bxa6 Nb8 20. Bb5 f6
21. Bd2 Bb7 22. c4 c6 23. exf6 gxf6 24. Qxe6+ Kh8 25. Qxe7 Qc8 26. Bh6 Rd8 27. Qg7#
1-0

[Event "Just for fun"]
[Site "SchemingMind.com"]
[Date "2010.08.21"]
[Round "-"]
[White "crespov"]
[Black "emvarela"]
[Result "1/2-1/2"]
[WhiteCountry "CHI"]
[BlackCountry "ARG"]
[WhiteElo "1665"]
[WhiteRD "75"]
[BlackElo "1730"]
[BlackRD "52"]
[GameID "257812"]

1. e4 e5 2. Nf3 Nc6 3. Bc4 Bc5 4. b4 Bxb4 5. c3 Be7 6. O-O Nf6 7. d4 exd4 8. cxd4 d5 9. exd5 Nxd5 10. Re1 Be6
11. Ne5 Nxe5 12. Rxe5 c6 13. Qb3 b6 14. Nc3 O-O 15. Nxd5 cxd5 16. Bxd5 Bxd5 17. Rxd5 Qc7 18. Bb2 Rad8 19. Rh5 Bf6 20. Rd1 Rd7
21. Rh3 Rfd8 22. Rhd3 Qf4 23. d5 Bxb2 24. Qxb2 Qe4 25. Qb3 Rd6 26. Rd4 Qf5=
1/2-1/2